000 00643nam a22002057a 4500
003 OSt
005 20180316194007.0
008 180316b xxu||||| |||| 00| 0 eng d
020 _a9781496361400
040 _cDNLM
100 _aMarquis,L.Bessie; Huston J.Carol.
_96142
245 _aLeadership Roles and Management Functions in Nursing: theory and application
250 _a9th ed.
260 _aPhiladelphia; Wolters Kluwer, 2017
300 _axxxiv,734p; col.ill: 25.5cm
504 _aReferences, appendix, & index included
650 _aNursing management
_96178
650 _aLeadership roles in nursing
_912539
942 _2z
_cSLOAN
999 _c6051
_d6051